| 000 | 02184cam a2200493 4500 | ||
|---|---|---|---|
| 001 | 1229 | ||
| 005 | 20230410123901.0 | ||
| 007 | vd cgaiz| | ||
| 008 | 060907p1997 mx spa|d | ||
| 035 | _9funglode1235 | ||
| 028 | 4 | 2 |
_a17490 _bMiramax Home Entertainment |
| 035 | _a(OCoLC)50399832 | ||
| 041 | 1 |
_aspa _heng |
|
| 050 | 1 | 4 | _aCM DVD 01316 |
| 082 | 0 | 0 | _a791.43 |
| 049 | _aGRAL | ||
| 240 | 1 | 0 |
_aLife is beautiful _iEspañol |
| 245 | 0 | 3 |
_aLa Vida es bella _h[videorecording] / _cMiramax Films ; Cecchi Gori Group ; Mario and Vittorio Cecchi Gori present a Melampo Cinematografica production ; directed by Roberto Benigni. |
| 260 |
_a[México] : _bMiramax Home Entertainment : _bDistributed by Buena Vista Home Video, _c[1997] |
||
| 300 |
_a1 videodisc (ca. 116 min.) : _bsd., col. ; _c4 3/4 in. |
||
| 500 | _aTítulo original. La vita é bella. | ||
| 538 | _aDVD, Dolby surround. | ||
| 546 | _aAudio idioma original, doblaje y subtítulo en español | ||
| 500 | _aWidescreen (1.85:1). | ||
| 511 | 1 | _aRoberto Benigni, Nicoletta Braschi. | |
| 508 | _aDirector, Roberto Benigni; story and screenplay by Vincenzo Cerami and Roberto Benigni; line producer, Mario Cotone; producers, Elda Ferri and Gianluigi Braschi. | ||
| 500 | _aOriginally produced in Italy in 1997 as a motion picture under title: La vita e bella. | ||
| 520 | _aIn 1930s Italy a bumbling Jewish waiter who's gifted with a colorful imagination and an irresistible sense of humor has won the heart of the woman he loves and has created a beautiful life for his young family. But that life is threatened by World War II. | ||
| 650 | 0 |
_aWorld War, 1939-1945 _zItaly _vDrama. |
|
| 650 | 0 |
_aConcentration camps _vDrama. |
|
| 650 | 0 | _aFeature films. | |
| 650 | 0 | _aMotion pictures, Italian. | |
| 650 | 0 | _aForeign films. | |
| 650 | 0 | _aVideo recordings for the hearing impaired. | |
| 700 | 1 | _aBenigni, Roberto. | |
| 700 | 1 |
_aBraschi, Nicoletta, _d1960- |
|
| 700 | 1 | _aFerri, Elda. | |
| 700 | 1 | _aBraschi, Gianluigi. | |
| 700 | 1 |
_aCerami, Vincenzo, _d1940- |
|
| 710 | 2 | _aCecchi Gori Group (Firm) | |
| 710 | 2 | _aMelampo cinematografica. | |
| 710 | 2 | _aMiramax Films. | |
| 942 |
_2lcc _cdvd |
||
| 999 |
_c67722 _d67722 |
||